书目信息 |
| 题名: |
不怕鬼的故事
|
|
| 作者: | 中国社会科学院文学研究所 编 | |
| 分册: | ||
| 出版信息: | 北京 人民文学出版社 1961 |
|
| 页数: | 103页 | |
| 开本: | 19cm | |
| 丛书名: | ||
| 单 册: | ||
| 中图分类: | I287.5 , I242.1 | |
| 科图分类: | 242.1 | |
| 主题词: | ||
| 电子资源: | ||
| ISBN: | ||
| 000 | 00570nam0 2200193 45 | |
| 001 | 0312221749 | |
| 005 | 20060915091250.56 | |
| 010 | @dCNY0.34 | |
| 100 | @a20031222d1961 km y0chiy0120 ea | |
| 101 | @achi | |
| 200 | 1 | @a不怕鬼的故事@ABu Pa Gui De Gu Shi@f中国社会科学院文学研究所编@FZhong Guo She Hui Ke Xue Yuan Wen Xue Yan Jiu Suo Bian |
| 210 | @a北京@c人民文学出版社@d1961 | |
| 215 | @a103页@d19cm | |
| 690 | @aI287.5@v4 | |
| 690 | @aI242.1@v3 | |
| 692 | @a242.1 | |
| 701 | 0 | @a中国社会科学院文学研究所@4编 |
| 801 | @aCN@bTSTCL@c20060915 | |
| 905 | @a213230@dI242.1@e8 | |
| 不怕鬼的故事/中国社会科学院文学研究所编.-北京:人民文学出版社,1961 |
| 103页;19cm |
| ISBN :CNY0.34 |
| ● |
| 相关链接 |
|
|
|
|
正题名:不怕鬼的故事
索取号:I242.1/8
 
预约/预借
| 序号 | 登录号 | 条形码 | 馆藏地/架位号 | 状态 | 备注 |
| 1 | 0428004 | 204280045 | 密集书库/ [索取号:I242.1/8] | 在馆 |